Princesse Sofia générique mot par mot - Statistiques

Statistiques générales
  • Ce quiz a été pris 1 242 fois
  • Le résultat moyen est 79 sur 93
Statistiques - réponses
Réponse % Correct
princesse
98%
Princesse
98%
princesse
98%
Princesse
98%
Princesse
98%
Je
97%
Je
97%
je
97%
Je
97%
je
97%
a
96%
a
96%
de
95%
dans
94%
Dans
94%
mon
94%
mon
94%
suis
94%
suis
94%
au
93%
des
93%
du
93%
jour
93%
que
93%
que
93%
Que
93%
Sofia
93%
Sofia
93%
Sofia
93%
Sofia
93%
Sofia
93%
village
93%
bien
92%
et
92%
Et
92%
lendemain
92%
si
92%
si
92%
tout
92%
tranquillement
92%
un
92%
un
92%
vivais
92%
brusquement
91%
changement
91%
destin
91%
devenue
91%
Quel
91%
basculé
90%
château
90%
Une
90%
une
90%
nouvelle
88%
nouvelle
88%
Ce
86%
il
86%
Mais
86%
mais
86%
comme
85%
famille
85%
école
83%
têtes
82%
moi
81%
déjà
80%
foyer
80%
n'y
80%
qui
79%
certains
78%
C'est
78%
C'est
78%
couronnées
78%
n'attend
78%
pas
78%
pas
78%
royale
77%
ne
76%
d'être
75%
d'être
75%
monde
75%
enchanté
73%
facile
70%
n'est
70%
mal
69%
m'en
69%
m'appellent
68%
sors
66%
digne
60%
tous
59%
vais
58%
leur
57%
montrer
57%
appelée
54%
l'aventure
35%
Aucun quiz correspondant
Distribution des résultats
% des personnes avec chaque résultat
Percentile par nombre de réponses
Votre historique - résultats
Vous n’avez pas pris ce quiz